| 000 | 00712cam a22002414a 4500 | ||
|---|---|---|---|
| 001 | 13509078 | ||
| 003 | CEME | ||
| 005 | 20210628201540.0 | ||
| 008 | 040302s2004 gaua 001 0 eng | ||
| 010 | _a 2004046904 | ||
| 020 | _a0-8247-4001-7 | ||
| 040 |
_aDLC _cDLC _dDLC |
||
| 042 | _apcc | ||
| 050 | 0 | 0 |
_aTK1076 _b.K66 2004 |
| 082 | 0 | 0 |
_a621.1/99 _222 |
| 100 | 1 |
_aKolanowski, Bernard F. _955765 |
|
| 245 | 1 | 0 |
_aGuide to microturbines / _cBernard F. Kolanowski. |
| 260 |
_aLilburn, GA : _bFairmont Press ; _aNew York : _b[Distributed by] Marcel Dekker , _cc2004. |
||
| 300 |
_aix, 236 p. : _bill. ; _c24 cm. |
||
| 500 | _aIncludes index. | ||
| 650 | 0 |
_aGas-turbine power-plants. _955766 |
|
| 942 |
_2ddc _cBK |
||
| 999 |
_c566465 _d566465 |
||